00685 2200241 4500001002100000005001500021035002000036007000300056008004100059020002200100082001000122084001600132100001900148245010400167250001000271260004000281300003400321650002700355520002500382520001400407990001100421990001100432INLIS00000000000373320190716084908 a0010-0719000151ta190716 g 0 ind  a978-602-6227-23-2 a920.1 a920.1 ROH l0 aROHMAT, Kurnia1 aLetjen Anumerta R. Soeprapto :bAjudan Jenderal Soedirman yang Disiplin dan Cerdas /cRohmat Kurnia acet.1 aJakarta :bBee Media Pustaka,c2017 av, 62 hlm. :bilus. ;c21 cm. 4aBIOGRAFI. R. SOEPRAPTO aBibliografi: hlm. 60 aGlosarium a6849 a a6849 b